000 00415nam a22001337a 4500
020 _a9789380836263
082 _a070.4
100 _aRajiv Saxena
245 _aJournalism the evolving perspective
260 _aNew Delhi
_bCentrum press
_c2010.
300 _a293p
942 _cBK
999 _c2984
_d2984